| 000 | 00508nam a22001817a 4500 | ||
|---|---|---|---|
| 005 | 20260408121110.0 | ||
| 008 | 260408b |||||||| |||| 00| 0 eng d | ||
| 020 |
_a978-93-7212-519-1 _c150. |
||
| 040 | _aMAIN | ||
| 041 | _aeng | ||
| 082 |
_a332.6 _bGOG. |
||
| 100 |
_aGogoi, Murchana _dBoruah, Sampreeti |
||
| 245 |
_aInvestment Management and Security Analysis _cBy Murchana Gogoi. |
||
| 260 |
_aNew Delhi: _bKalyani Publishers ; _c2026. |
||
| 300 | _a148p. | ||
| 650 | _aEconomics | ||
| 942 |
_2ddc _cBK |
||
| 999 |
_c16329 _d16329 |
||